Southville International School and Colleges
Your cart is empty.
  • Cart
  • Lists
    Public lists Eva Luna New books Lux_list list_1
    Your lists Log in to create your own lists
  • Log in to your account
  • Your cookies
  • Search history
Southville International School and Colleges
  • Advanced search
  • Recent comments
  • Most popular
  • Libraries

Log in to your account

Log in with GOOGLE


If you do not have an external account, but do have a local account, you can still log in:

  1. Home
  2. MARC view: Monster blood II /
Normal view MARC view ISBD view

Monster blood II / (Record no. 1001)

[ view plain ]
MARC details
000 -LEADER
fixed length control field 00966cam a22003373a 4500
001 - CONTROL NUMBER
control field 13315475
003 - CONTROL NUMBER IDENTIFIER
control field OSt
005 - DATE AND TIME OF LATEST TRANSACTION
control field 20140310181651.0
008 - FIXED-LENGTH DATA ELEMENTS--GENERAL INFORMATION
fixed length control field 940315s1994 nyu j 000 1 eng d
010 ## - LIBRARY OF CONGRESS CONTROL NUMBER
LC control number 2003586883
020 ## - INTERNATIONAL STANDARD BOOK NUMBER
International Standard Book Number 0590477404
035 ## - SYSTEM CONTROL NUMBER
System control number (OCoLC)ocm29967797
040 ## - CATALOGING SOURCE
Original cataloging agency JBL
Transcribing agency JBL
Modifying agency SLC
-- DLC
042 ## - AUTHENTICATION CODE
Authentication code lccopycat
050 00 - LIBRARY OF CONGRESS CALL NUMBER
Classification number PZ 7
Item number .St859 1994
082 ## - DEWEY DECIMAL CLASSIFICATION NUMBER
Classification number KF#
Item number St5m #18
100 1# - MAIN ENTRY--PERSONAL NAME
Personal name Stine, R. L.
9 (RLIN) 3762
245 10 - TITLE STATEMENT
Title Monster blood II /
Statement of responsibility, etc R.L. Stine.
260 ## - PUBLICATION, DISTRIBUTION, ETC. (IMPRINT)
Place of publication, distribution, etc New York :
Name of publisher, distributor, etc Scholastic Inc.,
Date of publication, distribution, etc c1994.
300 ## - PHYSICAL DESCRIPTION
Extent 121 p.
Dimensions 20 cm.
490 1# - SERIES STATEMENT
Series statement Goosebumps ;
Volume number/sequential designation #18
541 ## - IMMEDIATE SOURCE OF ACQUISITION NOTE
-- 1
562 ## - COPY AND VERSION IDENTIFICATION NOTE
Number of copies 1
650 #0 - SUBJECT ADDED ENTRY--TOPICAL TERM
Topical term or geographic name as entry element Ghosts
General subdivision Fiction
9 (RLIN) 5052
650 #0 - SUBJECT ADDED ENTRY--TOPICAL TERM
Topical term or geographic name as entry element Horror stories
9 (RLIN) 3825
655 #7 - INDEX TERM--GENRE/FORM
Genre/form data or focus term Horror fiction.
Source of term gsafd
9 (RLIN) 3405
655 #7 - INDEX TERM--GENRE/FORM
Genre/form data or focus term Fantasy fiction.
Source of term gsafd
9 (RLIN) 3053
710 2# - ADDED ENTRY--CORPORATE NAME
Corporate name or jurisdiction name as entry element Copyright Paperback Collection (Library of Congress)
Institution to which field applies DLC
9 (RLIN) 705
800 1# - SERIES ADDED ENTRY--PERSONAL NAME
Personal name Stine, R. L.
Title of a work Goosebumps ;
Volume/sequential designation #18.
9 (RLIN) 5053
942 ## - ADDED ENTRY ELEMENTS (KOHA)
Source of classification or shelving scheme Library of Congress Classification
Koha item type
Call number prefix
Holdings
Withdrawn status Lost status Source of classification or shelving scheme Damaged status Home library Current library Shelving location Date acquired Total Checkouts Full call number Barcode Date last seen Copy number Price effective from Koha item type
    Library of Congress Classification   Luxembourg Library Luxembourg Library Kids Fiction Section 07/29/2013   PZ 7 .St859 1994 14165 01/16/2019 1 10/03/2013 Books

Monster blood II /

APA

Stine R. L., Copyright Paperback Collection (Library of Congress), . (1994). Monster blood II. New York: Scholastic Inc.

Chicago

Stine R L, Copyright Paperback Collection (Library of Congress), . 1994. Monster blood II. New York: Scholastic Inc.

Harvard

Stine R. L., Copyright Paperback Collection (Library of Congress), . (1994). Monster blood II. New York: Scholastic Inc.

MLA

Stine R L, Copyright Paperback Collection (Library of Congress), . Monster blood II. New York: Scholastic Inc. 1994.

  • Place hold
  • Print
  • Cite
  • Add to your cart (remove)
  • Save record
    BIBTEX Dublin Core MARCXML MARC (non-Unicode/MARC-8) MARC (Unicode/UTF-8) MARC (Unicode/UTF-8, Standard) MODS (XML) RIS
  • More searches
    Search for this title in:
    Other Libraries (WorldCat) Other Databases (Google Scholar) Online Stores (Bookfinder.com) Open Library (openlibrary.org)

Exporting to Dublin Core...

SOUTHVILLE LIBRARY

Southville International School and Colleges Library

1281 Tropical Ave. Cor. Luxembourg St., BF Homes International, Las Pinas City

Tel. No. 8256374 / 252358 Loc. 117/146

Powered by Koha